| 000 | 01445nam a2200361Ia 4500 | ||
|---|---|---|---|
| 003 | GCL | ||
| 008 | 140319s9999 xx 000 0 ara d | ||
| 040 |
_aGCL / _cGCL |
||
| 082 | 0 | 4 |
_aق _b953 _bح ت |
| 100 | 1 | _aحسن ابراهيم حسن | |
| 245 | 1 | 0 |
_aتاريخ الاسلام السياسى والدينى والثقافى والاجتماعى : الجزء الثالث : فى العصر العباسى الثانى فى الشرق ومصر والمغرب والاندلس 232 -447 هـ ( 847 - 1055 م ) / _cحسن ابراهيم حسن |
| 250 | _aالثامنة | ||
| 260 |
_aالقاهرة : _bمكتبة النهضة المصرية ، _c1973 |
||
| 300 |
_a500 ص ؛ _c24 سم |
||
| 650 | 0 | 4 | _aالدولة الفاطمية |
| 650 | 0 | 4 | _aالخوارج |
| 650 | 0 | 4 | _aالدولة الطولونية |
| 650 | 0 | 4 | _aالمعتزلة |
| 650 | 0 | 4 | _aالخلافة العباسية |
| 650 | 0 | 4 | _aدولة الادارسة |
| 650 | 0 | 4 | _aالفارابى |
| 650 | 0 | 4 | _aالكندى |
| 650 | 0 | 4 | _aالدولة الغذونوية |
| 650 | 0 | 4 | _aالدولة السامانية |
| 650 | 0 | 4 | _aالدولة الصفارية |
| 650 | 0 | 4 | _aالدولة الاموية فى الاندلس |
| 650 | 0 | 4 | _aالخلافة الاموية |
| 650 | 0 | 4 | _aدولة الاغالبة |
| 650 | 0 | 4 | _aمصر - تاريخ - العصر العباسى |
| 650 | 0 | 4 | _aتركيا - تاريخ |
| 650 | 0 | 4 | _aابن سينا |
| 942 |
_2ddc _cBK |
||
| 999 |
_c9849 _d9849 |
||